000 00622nam a22002297a 4500
001 29057
003 UA-OsUOA
005 20200929103403.0
007 ta
008 20050524b un ||||| |||| 00| 0 ukr d
040 _aUA-OsUOA
_bukr
_cUA-OsUOA
_dUA-OsUOA
041 _aukr
044 _aUA
080 _a330.101
090 _a330.101
_bП50
245 _aПолітична економія
_bдосоціалістичні способи виробництва
_cред. М. С. Черненка
260 _aК.
_bВища школа
_c1974
300 _a398 с.
650 7 _2UDC
942 _cBK
_2udc
955 _a0
999 _c315434
_d315434